[Event "Petroupoli op 10th"]
[Site "Petroupoli"]
[Date "2012.10.20"]
[Round "5"]
[White "Margaritis, Fotis"]
[Black "Hamaletsos, Hristoforos"]
[Result "1/2-1/2"]
[WhiteElo "2176"]
[BlackElo "2192"]
[PlyCount "125"]
[EventDate "2012.10.06"]
[EventType "swiss"]
[EventRounds "7"]
[EventCountry "GRE"]
[SourceTitle "EXT 2013"]
[Source "ChessBase"]
[SourceDate "2012.11.22"]
[SourceVersion "1"]
[SourceVersionDate "2012.11.22"]
[SourceQuality "1"]

1. e4 c5 2. Nf3 a6 3. c4 g6 4. Nc3 Bg7 5. d4 cxd4 6. Nxd4 d6 7. Be3 Nf6 8. Be2 0-0 9. 0-0 Nc6 10. Rc1 a5 11. b3 Bd7 12. f3 Qb8 13. Ndb5 Nb4 14. Qd2 Bxb5 15. cxb5 d5 16. exd5 Rd8 17. Bb6 Rd7 18. Rfd1 Qd6 19. Na4 Nbxd5 20. Bc4 Nxb6 21. Qxd6 Rxd6 22. Rxd6 Nxc4 23. Rxf6 Bxf6 24. bxc4 Bd4+ 25. Kf1 b6 26. Ke2 e5 27. Rd1 Rb8 28. Kd3 Kf8 29. f4 Rd8 30. fxe5 Bxe5+ 31. Kc2 Rxd1 32. Kxd1 Bd4 33. c5 bxc5 34. b6 c4 35. b7 Be5 36. Nb6 Ke7 37. h3 Bb8 38. Nxc4 Kd8 39. Nxa5 Kc7 40. Ke2 Kb6 41. Nb3 Kxb7 42. Kd3 Kc6 43. Ke4 f5+ 44. Kd4 Kd6 45. Na5 Ba7+ 46. Kc4 Bg1 47. a4 g5 48. Nb3 g4 49. Nd4 Ke5 50. Nc6+ Ke4 51. hxg4 fxg4 52. Ne7 h5 53. g3 Bf2 54. Nd5 h4 55. gxh4 g3 56. Nc3+ Kf3 57. Kd3 g2 58. Ne2 Bxh4 59. Ng1+ Kf2 60. Nh3+ Kg3 61. Ng1 Bd8 62. Ne2+ Kf2 63. Nf4 1/2-1/2

[Event "Petroupoli op 10th"]
[Site "Petroupoli"]
[Date "2012.10.13"]
[Round "3"]
[White "Margaritis, Fotis"]
[Black "Grigoriadis, Mihail"]
[Result "1-0"]
[WhiteElo "2176"]
[BlackElo "1914"]
[PlyCount "89"]
[EventDate "2012.10.06"]
[EventType "swiss"]
[EventRounds "7"]
[EventCountry "GRE"]
[SourceTitle "EXT 2013"]
[Source "ChessBase"]
[SourceDate "2012.11.22"]
[SourceVersion "1"]
[SourceVersionDate "2012.11.22"]
[SourceQuality "1"]

1. e4 c5 2. Nf3 d6 3. Bb5+ Nc6 4. d4 cxd4 5. Qxd4 Bd7 6. Bxc6 Bxc6 7. Nc3 Nf6 8. Bg5 e6 9. 0-0-0 Be7 10. Rhe1 0-0 11. Qd2 Qa5 12. Kb1 Qa6 13. Nd4 Rfc8 14. f4 h6 15. h4 b5 16. Qd3 Qb7 17. g4 b4 18. Nxc6 bxc3 19. Nxe7+ Qxe7 20. Bxf6 Qxf6 21. g5 Qxf4 22. Rf1 Qxh4 23. gxh6 Qxh6 24. Rh1 Qg5 25. Qh3 Kf8 26. Rxd6 Rd8 27. Rc6 Qd2 28. a3 Qe2 29. Ka2 Qxc2 30. Rxc3 Qxe4 31. Rc7 Qd5+ 32. Ka1 Rd7 33. Rxd7 Qxd7 34. Qh8+ Ke7 35. Qxa8 f5 36. Rg1 Kf7 37. Qg2 Qd4 38. Qg6+ Kf8 39. Rc1 Qd7 40. Re1 f4 41. Rxe6 Qd1+ 42. Qb1 Qd5 43. Qe4 Qxe4 44. Rxe4 g5 45. Kb1 1-0

[Event "Petroupoli op 10th"]
[Site "Petroupoli"]
[Date "2012.10.06"]
[Round "1"]
[White "Margaritis, Fotis"]
[Black "Grapsas, Panagiotis"]
[Result "1-0"]
[WhiteElo "2176"]
[BlackElo "1528"]
[PlyCount "57"]
[EventDate "2012.10.06"]
[EventType "swiss"]
[EventRounds "7"]
[EventCountry "GRE"]
[SourceTitle "EXT 2013"]
[Source "ChessBase"]
[SourceDate "2012.11.22"]
[SourceVersion "1"]
[SourceVersionDate "2012.11.22"]
[SourceQuality "1"]

1. e4 c5 2. Nf3 d6 3. d4 cxd4 4. Qxd4 Nc6 5. Bb5 a6 6. Bxc6+ bxc6 7. c4 Nf6 8. Nc3 e6 9. Bg5 Be7 10. Rd1 c5 11. Qd3 Bb7 12. 0-0 Qc7 13. Bf4 Rd8 14. Qe2 Nh5 15. Bg5 f6 16. Bc1 d5 17. exd5 e5 18. Ng5 Nf4 19. Bxf4 Bc8 20. Bg3 h5 21. h4 fxg5 22. Bxe5 Qb7 23. d6 gxh4 24. Bxg7 Rh7 25. Bf6 h3 26. f3 hxg2 27. Rfe1 Rd7 28. dxe7 h4 29. Qxg2 1-0

[Event "Petroupoli op 4th"]
[Site "Petroupoli"]
[Date "2012.04.28"]
[Round "1"]
[White "Margaritis, Fotis"]
[Black "Katopodis, Dimitrios"]
[Result "1-0"]
[WhiteElo "2194"]
[BlackElo "1485"]
[PlyCount "75"]
[EventDate "2012.04.28"]
[EventType "swiss"]
[EventRounds "7"]
[EventCountry "GRE"]
[SourceTitle "CBM 148 Extra"]
[Source "ChessBase"]
[SourceDate "2012.06.22"]
[SourceVersion "1"]
[SourceVersionDate "2012.06.22"]
[SourceQuality "1"]

1. d4 d5 2. Nc3 Nf6 3. Bg5 e6 4. e4 dxe4 5. Nxe4 Be7 6. Bxf6 Bxf6 7. Nf3 0-0 8. c3 Nc6 9. Bd3 Bd7 10. Qe2 h6 11. h4 Be7 12. 0-0-0 f5 13. Ng3 a6 14. Bc4 Qc8 15. d5 Na5 16. dxe6 Ba4 17. Rd7 Nxc4 18. Qxc4 Bb5 19. Qb3 Qe8 20. Ne5 Rf6 21. a4 Bd6 22. axb5 Bxe5 23. Re1 Bd6 24. b6 Bf4+ 25. Kb1 cxb6 26. Qd5 Bxg3 27. fxg3 Rb8 28. e7+ Kh7 29. Rd8 Rxd8 30. Qxd8 Qg6 31. e8Q Qxe8 32. Rxe8 Kg6 33. Rg8 f4 34. g4 h5 35. Qe8+ Rf7 36. Rf8 Kh7 37. Qxf7 f3 38. Qxh5# 1-0

[Event "Petroupoli op 3rd"]
[Site "Petroupoli"]
[Date "2012.03.31"]
[Round "7"]
[White "Margaritis, Fotis"]
[Black "Liargovas, Dimitrios"]
[Result "1-0"]
[WhiteElo "2194"]
[BlackElo "1928"]
[PlyCount "49"]
[EventDate "2012.03.10"]
[EventType "swiss"]
[EventRounds "7"]
[EventCountry "GRE"]
[SourceTitle "CBM 147 Extra"]
[Source "ChessBase"]
[SourceDate "2012.04.24"]
[SourceVersion "1"]
[SourceVersionDate "2012.04.24"]
[SourceQuality "1"]

1. e4 e5 2. Qh5 d6 3. Bc4 Qe7 4. Nc3 c6 5. d3 g6 6. Qf3 Be6 7. Nge2 Bg7 8. h3 Na6 9. Bxa6 bxa6 10. 0-0 Qc7 11. Qg3 Ne7 12. f4 f5 13. fxe5 dxe5 14. Bg5 0-0 15. Qh4 Nc8 16. exf5 gxf5 17. Ng3 Qb6+ 18. Kh1 Qd4 19. Nce4 Rf7 20. c3 Qb6 21. Nf6+ Bxf6 22. Bxf6 Qxb2 23. Qg5+ Kf8 24. Bxe5 Ne7 25. Qh6+ 1-0

[Event "Petroupoli op 3rd"]
[Site "Petroupoli"]
[Date "2012.03.28"]
[Round "6"]
[White "Kazanakis, Efstathios"]
[Black "Margaritis, Fotis"]
[Result "1-0"]
[WhiteElo "1932"]
[BlackElo "2194"]
[PlyCount "99"]
[EventDate "2012.03.10"]
[EventType "swiss"]
[EventRounds "7"]
[EventCountry "GRE"]
[SourceTitle "CBM 147 Extra"]
[Source "ChessBase"]
[SourceDate "2012.04.24"]
[SourceVersion "1"]
[SourceVersionDate "2012.04.24"]
[SourceQuality "1"]

1. e4 g6 2. d4 Bg7 3. Nc3 c5 4. Be3 Qa5 5. Nf3 Nf6 6. e5 Nd5 7. Qd2 cxd4 8. Nxd5 Qxd5 9. Qxd4 Qa5+ 10. Qd2 Qc7 11. Bf4 0-0 12. 0-0-0 Nc6 13. h4 Nxe5 14. Nxe5 Bxe5 15. Bxe5 Qxe5 16. h5 e6 17. Re1 Qg7 18. Qd6 a5 19. a4 g5 20. f4 h6 21. Bb5 f5 22. Kb1 g4 23. g3 Rf7 24. Rd1 Qf8 25. Rhe1 b6 26. Qxb6 d5 27. Rd3 Rb7 28. Qd4 Rab8 29. Rb3 Kf7 30. Kc1 Qd8 31. Ree3 Qf6 32. Qc5 Qe7 33. Rbc3 Bd7 34. Bxd7 Qxd7 35. b3 Kf6 36. Qd4+ Kf7 37. Rc5 Rb4 38. Qe5 R8b7 39. Qh8 d4 40. Qh7+ Ke8 41. Qg8+ Ke7 42. Rxf5 Kd6 43. Qf8+ Qe7 44. Rxe6+ Kxe6 45. Re5+ Kd6 46. Qxh6+ Kd7 47. Rxe7+ Kxe7 48. Qg5+ Kd6 49. h6 d3 50. h7 1-0

[Event "Petroupoli ASOP Dias op 2nd"]
[Site "Petroupoli"]
[Date "2012.02.22"]
[Round "4.1"]
[White "Azis Azizis, Ektoras"]
[Black "Margaritis, Fotis"]
[Result "1-0"]
[WhiteElo "2286"]
[BlackElo "2194"]
[PlyCount "37"]
[EventDate "2012.02.11"]
[EventType "swiss"]
[EventRounds "7"]
[EventCountry "GRE"]
[SourceTitle "EXT 2024"]
[Source "ChessBase"]
[SourceDate "2023.10.10"]
[SourceVersion "1"]
[SourceVersionDate "2023.10.10"]
[SourceQuality "1"]

1. e4 d5 2. exd5 Qxd5 3. Nc3 Qa5 4. d4 c6 5. Nf3 Nf6 6. Bd2 Bf5 7. Bc4 e6 8. Nd5 Qd8 9. Nxf6+ gxf6 10. Bf4 Nd7 11. 0-0 Bg4 12. Be2 Qa5 13. c4 0-0-0 14. a3 Rg8 15. d5 e5 16. Bg3 c5 17. Nh4 f5 18. f3 f4 19. Be1 1-0

[Event "Athens Acropolis op-B 24th"]
[Site "Chalkida"]
[Date "2009.08.16"]
[Round "7"]
[White "Margaritis, Fotis"]
[Black "Balaskas, Panayotis"]
[Result "1-0"]
[WhiteElo "2172"]
[BlackElo "2129"]
[PlyCount "51"]
[EventDate "2009.08.10"]
[EventType "swiss"]
[EventRounds "9"]
[EventCountry "GRE"]
[SourceTitle "CBM 132 Extra"]
[Source "ChessBase"]
[SourceDate "2009.11.03"]
[SourceVersion "1"]
[SourceVersionDate "2009.11.03"]
[SourceQuality "1"]

1. e4 c5 2. Nc3 g6 3. f4 Bg7 4. Nf3 Nc6 5. Bc4 a6 6. d3 b5 7. Bb3 d6 8. 0-0 Nh6 9. f5 e6 10. fxe6 fxe6 11. Ng5 Nd4 12. Be3 Qe7 13. Qd2 Nxb3 14. axb3 Bb7 15. Nxe6 Qxe6 16. Bxh6 Bd4+ 17. Kh1 0-0-0 18. Qg5 Rd7 19. Nd5 Rf7 20. c3 Be5 21. Rxf7 Qxf7 22. Qe3 Bxd5 23. exd5 Qxd5 24. Rxa6 Qxb3 25. Qf3 Qxb2 26. Qc6+ 1-0

[Event "Athens Acropolis op"]
[Site "Athens"]
[Date "2008.08.17"]
[Round "9"]
[White "Panagiotopoulos, Alexandros"]
[Black "Margaritis, Fotis"]
[Result "1-0"]
[WhiteElo "2197"]
[BlackElo "2220"]
[PlyCount "55"]
[EventDate "2008.08.09"]
[EventType "swiss"]
[EventRounds "9"]
[EventCountry "GRE"]
[SourceTitle "CBM 125 Extra"]
[Source "ChessBase"]
[SourceDate "2008.09.01"]
[SourceVersion "1"]
[SourceVersionDate "2008.09.01"]
[SourceQuality "1"]

1. e4 c5 2. Nf3 d6 3. d4 cxd4 4. Nxd4 Nf6 5. Nc3 Nc6 6. f3 e6 7. Be3 Be7 8. Qd2 0-0 9. 0-0-0 a6 10. g4 Bd7 11. h4 Rc8 12. Kb1 Nxd4 13. Bxd4 e5 14. Be3 Be6 15. h5 b5 16. g5 Nd7 17. g6 Nf6 18. Bh3 Qd7 19. Bxe6 Qxe6 20. Rdg1 b4 21. Qg2 fxg6 22. hxg6 h5 23. Nd5 Nxd5 24. Rxh5 Nc3+ 25. bxc3 Rf6 26. Qh1 Rxg6 27. Rxg6 Qxg6 28. Rh8+ 1-0

[Event "Athens Acropolis op"]
[Site "Athens"]
[Date "2008.08.13"]
[Round "5"]
[White "Fernandez, Daniel"]
[Black "Margaritis, Fotis"]
[Result "1-0"]
[WhiteElo "2401"]
[BlackElo "2220"]
[PlyCount "53"]
[EventDate "2008.08.09"]
[EventType "swiss"]
[EventRounds "9"]
[EventCountry "GRE"]
[SourceTitle "CBM 125 Extra"]
[Source "ChessBase"]
[SourceDate "2008.09.01"]
[SourceVersion "1"]
[SourceVersionDate "2008.09.01"]
[SourceQuality "1"]

1. e4 g6 2. d4 Bg7 3. Nc3 d6 4. Be3 Nd7 5. Qd2 a6 6. f3 b5 7. Nge2 Bb7 8. a3 h6 9. h4 e6 10. 0-0-0 Ne7 11. d5 exd5 12. exd5 Nb6 13. Nf4 Nf5 14. Bf2 Qf6 15. Bd3 0-0 16. g4 Ne7 17. g5 hxg5 18. hxg5 Qxg5 19. Bh4 Qe5 20. Rde1 Rfe8 21. Rxe5 dxe5 22. Nh5 gxh5 23. Rg1 Ng6 24. Bxg6 fxg6 25. Rxg6 Kf7 26. Qg5 Rg8 27. Qf5+ 1-0

[Event "Mitilini op"]
[Site "Mitilini"]
[Date "2008.07.25"]
[Round "5"]
[White "Karlovich, Anastazia"]
[Black "Margaritis, Fotis"]
[Result "1/2-1/2"]
[WhiteElo "2242"]
[BlackElo "2220"]
[PlyCount "35"]
[EventDate "2008.07.21"]
[EventType "swiss"]
[EventRounds "9"]
[EventCountry "GRE"]
[SourceTitle "EXT 2010"]
[Source "ChessBase"]
[SourceDate "2010.11.25"]
[SourceVersion "1"]
[SourceVersionDate "2010.11.25"]
[SourceQuality "1"]

1. e4 g6 2. d4 Bg7 3. Nc3 d6 4. g3 a6 5. Bg2 e6 6. Be3 Nd7 7. Nge2 b6 8. Qd2 h6 9. 0-0 Bb7 10. f4 Ne7 11. Rad1 c5 12. d5 exd5 13. Nxd5 Bxd5 14. exd5 Nf5 15. Bf2 Nf6 16. h3 h5 17. Rfe1 0-0 18. Nc3 1/2-1/2

[Event "Mitilini op"]
[Site "Mitilini"]
[Date "2008.07.24"]
[Round "4"]
[White "Margaritis, Fotis"]
[Black "Zubarev, Alexander2222"]
[Result "0-1"]
[WhiteElo "2220"]
[BlackElo "2517"]
[PlyCount "44"]
[EventDate "2008.07.21"]
[EventType "swiss"]
[EventRounds "9"]
[EventCountry "GRE"]
[SourceTitle "EXT 2010"]
[Source "ChessBase"]
[SourceDate "2010.11.25"]
[SourceVersion "1"]
[SourceVersionDate "2010.11.25"]
[SourceQuality "1"]

1. e4 c5 2. Nf3 e6 3. b3 a6 4. c4 Nc6 5. Nc3 g6 6. Bb2 Bg7 7. Bd3 d6 8. Qe2 Nge7 9. 0-0-0 Qa5 10. Bb1 Nd4 11. Qd3 Nec6 12. h4 h6 13. Nxd4 cxd4 14. Nd5 0-0 15. Qg3 exd5 16. exd5 Nb4 17. a3 Nxd5 18. Qxd6 Rd8 19. Qg3 Qc7 20. Qf3 Nf6 21. Rde1 Bg4 22. Qd3 b5 0-1

[Event "Mitilini op"]
[Site "Mitilini"]
[Date "2008.07.23"]
[Round "3"]
[White "Siametis, Vladimiros"]
[Black "Margaritis, Fotis"]
[Result "0-1"]
[WhiteElo "1842"]
[BlackElo "2220"]
[PlyCount "86"]
[EventDate "2008.07.21"]
[EventType "swiss"]
[EventRounds "9"]
[EventCountry "GRE"]
[SourceTitle "EXT 2010"]
[Source "ChessBase"]
[SourceDate "2010.11.25"]
[SourceVersion "1"]
[SourceVersionDate "2010.11.25"]
[SourceQuality "1"]

1. e4 g6 2. d3 Bg7 3. Nf3 d6 4. g3 e5 5. Bg2 Ne7 6. Bg5 h6 7. Be3 0-0 8. Qd2 Kh7 9. 0-0 Be6 10. c3 Qc8 11. d4 a5 12. Na3 Nd7 13. d5 Bg4 14. Ne1 Nf6 15. f3 Bd7 16. c4 b6 17. Nd3 g5 18. Nc2 Ng6 19. Bf2 Nh5 20. Ne3 Bf6 21. Be1 Rg8 22. Nf2 Be7 23. Qe2 Nhf4 24. gxf4 gxf4 25. Nf5 Bxf5 26. exf5 Nh4 27. Qe4 Nxg2 28. f6+ Kh8 29. Ng4 Nxe1 30. Kh1 Nxf3 31. Nxh6 Ng5 32. Qg2 Bxf6 33. Nxg8 Qxg8 34. Rg1 Qh7 35. Qg4 Qh3 36. Qe2 Qf3+ 37. Rg2 Qxe2 38. Rxe2 f3 39. Re3 e4 40. h4 Bd4 41. Ree1 f2 42. Re2 Nf3 43. Rxe4 Rg8 0-1

[Event "Kavala op 16th"]
[Site "Kavala"]
[Date "2007.08.05"]
[Round "1"]
[White "Kotanjian, Tigran"]
[Black "Margaritis, Fotis"]
[Result "1-0"]
[WhiteElo "2559"]
[BlackElo "2172"]
[PlyCount "47"]
[EventDate "2007.08.05"]
[EventType "swiss"]
[EventRounds "9"]
[EventCountry "GRE"]
[SourceTitle "CBM 119 Extra"]
[Source "ChessBase"]
[SourceDate "2007.09.04"]
[SourceVersion "1"]
[SourceVersionDate "2007.09.04"]
[SourceQuality "1"]

1. d4 g6 2. c4 Bg7 3. Nc3 c5 4. d5 Bxc3+ 5. bxc3 f5 6. h4 Nf6 7. h5 Rg8 8. hxg6 hxg6 9. Qa4 b5 10. Qxb5 Ba6 11. Qa4 Qb6 12. Nf3 Ne4 13. Nd2 Qf6 14. Rh3 Rh8 15. Nxe4 fxe4 16. Bg5 Qg7 17. Kd2 Rxh3 18. gxh3 e6 19. e3 Qf7 20. Qa5 Nc6 21. dxc6 Qxf2+ 22. Be2 Rb8 23. cxd7+ Kxd7 24. Qa4+ 1-0

[Event "Heraklio op-A 11th"]
[Site "Heraklion"]
[Date "2007.06.17"]
[Round "9"]
[White "Nikolaidis, Konstantinos"]
[Black "Margaritis, Fotis"]
[Result "0-1"]
[WhiteElo "2283"]
[BlackElo "2145"]
[PlyCount "110"]
[EventDate "2007.06.09"]
[EventType "swiss"]
[EventRounds "9"]
[EventCountry "GRE"]
[SourceTitle "EXT 2008"]
[Source "ChessBase"]
[SourceDate "2007.11.25"]
[SourceVersion "1"]
[SourceVersionDate "2007.11.25"]
[SourceQuality "1"]

1. d4 g6 2. e4 Bg7 3. Nc3 d6 4. Be3 a6 5. a4 Nd7 6. f4 b6 7. Nf3 Bb7 8. Bd3 e6 9. 0-0 Ngf6 10. Kh1 c5 11. Qe2 0-0 12. Rad1 d5 13. e5 Ng4 14. Ng5 Nxe3 15. Qxe3 h6 16. Nf3 Qe7 17. g4 cxd4 18. Qxd4 Qc5 19. Rde1 Rac8 20. Rf2 Qxd4 21. Nxd4 g5 22. Rfe2 gxf4 23. Kg2 Nc5 24. Kf2 f6 25. Nf3 fxe5 26. Nxe5 Ne4+ 27. Nxe4 Bxe5 28. Nc3 Bd4+ 29. Kf1 e5 30. Bf5 Rce8 31. Rd1 Kg7 32. h3 Kf6 33. Rh2 Bxc3 34. bxc3 Bc6 35. c4 d4 36. Ra1 e4 37. Rd2 Ke5 38. Rb1 Rb8 39. Rbd1 Rfd8 40. Ra1 e3 41. Rd3 Be4 42. Rb3 Bxf5 43. gxf5 Rdc8 44. Rb4 Kxf5 45. Rab1 Rc5 46. Ke2 Ke4 47. Rf1 b5 48. axb5 axb5 49. cxb5 Rxc2+ 50. Ke1 Rc1+ 51. Ke2 Rc2+ 52. Ke1 f3 53. Rb1 f2+ 54. Kd1 Rd2+ 55. Kc1 Rc8# 0-1

[Event "Heraklio op-A 11th"]
[Site "Heraklion"]
[Date "2007.06.16"]
[Round "8"]
[White "Margaritis, Fotis"]
[Black "Makkas, Panayiotis"]
[Result "1-0"]
[WhiteElo "2145"]
[BlackElo "2019"]
[PlyCount "91"]
[EventDate "2007.06.09"]
[EventType "swiss"]
[EventRounds "9"]
[EventCountry "GRE"]
[SourceTitle "EXT 2008"]
[Source "ChessBase"]
[SourceDate "2007.11.25"]
[SourceVersion "1"]
[SourceVersionDate "2007.11.25"]
[SourceQuality "1"]

1. e4 c6 2. d4 d5 3. Nc3 dxe4 4. Nxe4 Nd7 5. Ng5 Ngf6 6. Bd3 Nb6 7. N1f3 h6 8. Ne4 Nxe4 9. Bxe4 Nd5 10. c3 g6 11. Qc2 Qd6 12. Bd2 f5 13. Bd3 Nf4 14. Bxf4 Qxf4 15. Ne5 Qg5 16. h4 Qf6 17. g4 Be6 18. 0-0-0 0-0-0 19. Nxg6 fxg4 20. Nxh8 Qxh8 21. Rhe1 Bd7 22. h5 Qf6 23. Kb1 Bg7 24. Qe2 Bf8 25. Rd2 Qf7 26. Qe5 Qf6 27. Kc1 Qf7 28. b3 e6 29. Bg6 Qf3 30. Kc2 Be7 31. Re3 Qf8 32. Rde2 Bd6 33. Qa5 Kb8 34. Re4 Bc7 35. Qc5 Qxc5 36. dxc5 e5 37. Rd2 Kc8 38. Kd1 Rf8 39. Ke2 Kd8 40. Rxg4 Ke7 41. Rg2 Rf4 42. f3 b6 43. Be4 Be8 44. Rg7+ Rf7 45. Rxf7+ Bxf7 46. Bxc6 1-0

[Event "Panagiotis Apergis op"]
[Site "Ano Liosia"]
[Date "2007.05.04"]
[Round "4"]
[White "Kagas, Konstantinos"]
[Black "Margaritis, Fotis"]
[Result "0-1"]
[WhiteElo "2181"]
[BlackElo "2145"]
[PlyCount "110"]
[EventDate "2007.04.24"]
[EventType "swiss"]
[EventRounds "7"]
[EventCountry "GRE"]
[SourceTitle "EXT 2008"]
[Source "ChessBase"]
[SourceDate "2007.11.25"]
[SourceVersion "1"]
[SourceVersionDate "2007.11.25"]
[SourceQuality "1"]

1. e4 g6 2. d4 Bg7 3. Nc3 d6 4. Bc4 a6 5. a3 e6 6. Be3 Nd7 7. Qd2 h6 8. Nge2 Ngf6 9. f3 b5 10. Bd3 Bb7 11. g4 c5 12. Ng3 Qc7 13. Kf2 cxd4 14. Bxd4 Nxg4+ 15. fxg4 Bxd4+ 16. Ke1 Ne5 17. Be2 Bxc3 18. Qxc3 Qxc3+ 19. bxc3 Ke7 20. a4 bxa4 21. Rxa4 Rhc8 22. Kd2 Rc5 23. h3 a5 24. Rb1 Bc6 25. Ra3 Nd7 26. Bd3 Rc8 27. Ne2 Nf6 28. Ke3 Re5 29. Ng3 h5 30. gxh5 gxh5 31. h4 Rg8 32. Kf3 Nd7 33. Kf2 Rg4 34. Rh1 Nc5 35. Rh2 Nxe4+ 36. Bxe4 Bxe4 37. Ne2 Bxc2 38. Nd4 Be4 39. Nb3 Rb5 40. Ke3 f5 41. Nd4 Rc5 42. Ne2 e5 43. Rh3 d5 44. Rh2 f4+ 45. Kf2 Rb5 46. Ra2 Rb1 47. c4 Bd3 48. cxd5 e4 49. Nxf4 Rxf4+ 50. Ke3 Rf3+ 51. Kd4 Kd6 52. Rhb2 Rf5 53. Rxb1 Rxd5+ 54. Ke3 Bxb1 55. Rb2 Bd3 0-1

[Event "Panagiotis Apergis op"]
[Site "Ano Liosia"]
[Date "2007.05.01"]
[Round "3"]
[White "Margaritis, Fotis"]
[Black "Agrapidis, Theodoros"]
[Result "1-0"]
[WhiteElo "2145"]
[BlackElo "2011"]
[PlyCount "59"]
[EventDate "2007.04.24"]
[EventType "swiss"]
[EventRounds "7"]
[EventCountry "GRE"]
[SourceTitle "EXT 2008"]
[Source "ChessBase"]
[SourceDate "2007.11.25"]
[SourceVersion "1"]
[SourceVersionDate "2007.11.25"]
[SourceQuality "1"]

1. e4 d6 2. d4 Nf6 3. Nc3 g6 4. f3 Bg7 5. Be3 a6 6. Qd2 0-0 7. h4 e5 8. d5 Nh5 9. g4 Ng3 10. Rh2 Nxf1 11. Kxf1 f5 12. gxf5 gxf5 13. Bg5 Bf6 14. Bxf6 Qxf6 15. Qg5+ Qxg5 16. hxg5 Kg7 17. Ke2 fxe4 18. Nxe4 Bf5 19. Ke3 Nd7 20. b3 b5 21. Ne2 Nb6 22. Nf6 c6 23. dxc6 d5 24. Ng3 Bg6 25. Rah1 Rac8 26. f4 d4+ 27. Kf3 exf4 28. Ngh5+ Kf7 29. Nxf4 Rxc6 30. Rxh7+ 1-0

[Event "Aegean op 29th"]
[Site "Aghios Kirykos"]
[Date "2006.07.17"]
[Round "7"]
[White "Margaritis, Fotis"]
[Black "Saltaev, Mihail"]
[Result "0-1"]
[WhiteElo "2154"]
[BlackElo "2508"]
[PlyCount "74"]
[EventDate "2006.07.12"]
[EventType "swiss"]
[EventRounds "9"]
[EventCountry "GRE"]
[SourceTitle "CBM 113 Extra"]
[Source "ChessBase"]
[SourceDate "2006.09.14"]
[SourceVersion "1"]
[SourceVersionDate "2006.09.14"]
[SourceQuality "1"]

1. e4 c6 2. d4 d5 3. Nc3 dxe4 4. Nxe4 Bf5 5. Ng3 Bg6 6. Bc4 e6 7. N1e2 Bd6 8. 0-0 Ne7 9. Nf4 Nd5 10. Nxg6 hxg6 11. f4 Qh4 12. Qf3 Nd7 13. h3 N7f6 14. Bb3 0-0-0 15. c4 Ne7 16. Be3 Kb8 17. Bc2 Nf5 18. Nxf5 gxf5 19. b4 Qh5 20. Bd1 Qxf3 21. Bxf3 Ne4 22. Rab1 b5 23. a4 bxc4 24. Rfc1 Rh4 25. Rxc4 Bxf4 26. Bf2 Nxf2 27. Kxf2 Be5 28. Rxc6 Bxd4+ 29. Kg3 g5 30. a5 Be5+ 31. Kf2 g4 32. hxg4 fxg4 33. Be2 g3+ 34. Kf3 f5 35. Ba6 Rf4+ 36. Ke3 Rf2 37. Rc4 Bf6 0-1

[Event "Aegean op 29th"]
[Site "Aghios Kirykos"]
[Date "2006.07.12"]
[Round "1"]
[White "Nearhou, Anastasios"]
[Black "Margaritis, Fotis"]
[Result "0-1"]
[WhiteElo "1909"]
[BlackElo "2154"]
[PlyCount "70"]
[EventDate "2006.07.12"]
[EventType "swiss"]
[EventRounds "9"]
[EventCountry "GRE"]
[SourceTitle "CBM 113 Extra"]
[Source "ChessBase"]
[SourceDate "2006.09.14"]
[SourceVersion "1"]
[SourceVersionDate "2006.09.14"]
[SourceQuality "1"]

1. d4 g6 2. c4 Bg7 3. Nc3 c5 4. e3 d6 5. Nf3 Nc6 6. h3 Nh6 7. d5 Nb4 8. a3 Na6 9. Qc2 0-0 10. Rb1 e5 11. b4 f5 12. Be2 Kh8 13. Na4 b6 14. bxc5 Nxc5 15. Nxc5 bxc5 16. 0-0 g5 17. Nh2 f4 18. e4 g4 19. hxg4 Qg5 20. f3 Nf7 21. Qa4 h5 22. gxh5 Qg3 23. Kh1 Bf6 24. Ng4 Rg8 25. Bd2 Qh4+ 26. Kg1 Nh6 27. Qc6 Bxg4 28. fxg4 Nxg4 29. Bxg4 Qxg4 30. Rf2 Bh4 31. Rbf1 Bxf2+ 32. Rxf2 Rab8 33. Be1 Rb1 34. Kf1 f3 35. gxf3 Qg1+ 0-1

[Event "Aegean op 28th"]
[Site "Aghios Kirykos"]
[Date "2005.07.19"]
[Round "8"]
[White "Margaritis, Fotis"]
[Black "Turova, Irina"]
[Result "1/2-1/2"]
[WhiteElo "2190"]
[BlackElo "2391"]
[PlyCount "65"]
[EventDate "2005.07.12"]
[EventType "swiss"]
[EventRounds "9"]
[EventCountry "GRE"]
[SourceTitle "CBM 107 Extra"]
[Source "ChessBase"]
[SourceDate "2005.09.01"]
[SourceVersion "1"]
[SourceVersionDate "2005.09.01"]
[SourceQuality "1"]

1. e4 e5 2. d4 exd4 3. Qxd4 Nc6 4. Qe3 Nf6 5. Nc3 Bb4 6. Bd2 0-0 7. 0-0-0 Re8 8. Qg3 Rxe4 9. a3 Ba5 10. f4 d5 11. Bd3 Re8 12. Nf3 Bg4 13. Kb1 d4 14. b4 Bb6 15. Ne4 Rxe4 16. Bxe4 Nxe4 17. Qxg4 Nf2 18. Qh5 f6 19. g4 Nxh1 20. Rxh1 a5 21. b5 Ne7 22. Re1 Nd5 23. Qf5 Qd6 24. g5 c6 25. gxf6 Nxf6 26. Ng5 h6 27. Re6 Qc5 28. Rxf6 Qxf5 29. Rxf5 hxg5 30. bxc6 bxc6 31. fxg5 Rf8 32. Rxf8+ Kxf8 33. a4 1/2-1/2